000 00869cab a2200241 4500
001 ##L133928
008 060621n2006 000 0 eng u
035 _a(Sirsi) u133928
041 0 _aeng
100 1 _aThame, David
245 0 0 _aFocus update
_bEast Midlands
260 _c2006
490 0 _aEstates Gazette
_v(0624) 17 June 2006, 131-161(9)
520 _aLooks at the smaller regional centres revitalising their retail and leisure; the region's booming office market; industrial market statistics and new green warehouse initiatives; and land supply limitations threatening Northants' industrial market.
590 _aIKA040706
651 4 _aEAST MIDLANDS
651 4 _aNORTHANTS
690 _aPROPERTY-COMMERCIAL PROPERTY-COMMERCIAL PROPERTY MARKET
700 1 _aHalstead, Ian
700 1 _aPilkington, Lisa
700 1 _aJack, Simon
942 _n0
999 _c77264
_d77264